00443nam a2200169Ia 4500003000400000005001700004008004100021020001900062040000700081041000800088082001600096100001900112245007300131260004000204300001500244365001400259OSt20230328101014.0210423s2008 xx 000 0 und d a97883106489521 cAL aeng a801.95 HABM aHABIB (M A R). aHistory of literary criticism and theory: from plato to the present. aNew DelhibBirla Publicationsc2008 aix,838bPB b1995cINR